Miejscowości w powiecie Nowotarskim - Statystyki

Ogólne statystyki
  • Ten quiz został rozwiązany 331 razy
    327 od ostatniego zresetowania
  • Średni wynik to 51 z 92
Odpowiedzi na mapie
Odpowiedzi zakodowano w zielono-czerwonej skali na mapie do tego quizu, zgodnie z poniższymi procentami.
 
Statystyki odpowiedzi
Miejscowość % Poprawnych
Nowy Targ
97%
Rabka-Zdrój
88%
Czarny Dunajec
86%
Szczawnica
81%
Czorsztyn
80%
Krościenko nad Dunajcem
80%
Szaflary
77%
Waksmund
77%
Jabłonka
76%
Raba Wyżna
76%
Klikuszowa
73%
Ochotnica Górna
73%
Niedzica
72%
Ludźmierz
71%
Ochotnica Dolna
71%
Ostrowsko
68%
Chabówka
66%
Lipnica Wielka
66%
Łopuszna
66%
Dębno
65%
Spytkowice
63%
Sromowce Niżne
63%
Sromowce Wyżne
63%
Chochołów
62%
Chyżne
61%
Frydman
61%
Lipnica Mała
61%
Maniowy
61%
Rdzawka
61%
Obidowa
60%
Zubrzyca Górna
60%
Piekielnik
59%
Podwilk
59%
Łapsze Niżne
57%
Skawa
57%
Zubrzyca Dolna
57%
Kluszkowce
56%
Bańska Niżna
55%
Pyzówka
55%
Rogoźnik
55%
Rokiciny Podhalańskie
55%
Zaskale
55%
Jaworki
54%
Łapsze Wyżne
54%
Pieniążkowice
54%
Tylmanowa
54%
Bańska Wyżna
52%
Falsztyn
52%
Kacwin
52%
Harklowa
51%
Nowa Biała
51%
Sieniawa
51%
Huba
50%
Krośnica
50%
Lasek
50%
Mizerna
50%
Orawka
50%
Podczerwone
50%
Stare Bystre
50%
Grywałd
49%
Ciche
48%
Maruszyna
48%
Podszkle
48%
Czerwienne
47%
Harkabuz
47%
Odrowąż
47%
Dursztyn
46%
Podsarnie
46%
Ratułów
46%
Wróblówka
46%
Gronków
45%
Knurów
45%
Ponice
45%
Trybsz
45%
Krempachy
44%
Trute
44%
Długopole
43%
Bielanka
42%
Koniówka
42%
Szlachtowa
42%
Szlembark
42%
Bukowina Osiedle
41%
Dział
40%
Hałuszowa
39%
Bór
38%
Krauszów
38%
Łapszanka
37%
Morawczyna
37%
Tylka
36%
Załuczne
36%
Skrzypne
34%
Kiczory
31%
Nie znaleziono quizów pasujących do podanych kryteriów
Rozkład punktacji
Procent ludzi z każdym wynikiem
Percentyl według liczby udzielonych odpowiedzi
Twoja historia wyników
Nie rozwiązałeś tego quizu od ostatniego zresetowania